| 000 | 00705nam a2200277 a 4500 | ||
|---|---|---|---|
| 003 | AR-BaBNM | ||
| 005 | 20251128210916.0 | ||
| 008 | 082120s2002 ||||||||||||||000 | spa|| | ||
| 020 | _a84-397-0207-8 | ||
| 040 | _cAR-BaBNM | ||
| 100 | 1 | _aWhitman, Walt | |
| 245 | 0 | 0 | _a¡Oh, Capitán! ¡Mi Capitán! |
| 260 |
_aMadrid _bGrijalbo Mondadori _c1998 |
||
| 300 | _a68 p. | ||
| 490 | 0 |
_aMitos. Poesía _vv. 6 |
|
| 650 | 4 | _aPOESIA | |
| 650 | 4 | _aLITERATURA ESTADOUNIDENSE | |
| 650 | 4 | _aLITERATURA EXTRANJERA | |
| 650 | 4 | _aESTILO LITERARIO | |
| 650 | 4 | _aESCRITORES | |
| 653 | _aSIMBOLISMO | ||
| 655 | _aLITERATURA | ||
| 700 | 1 |
_aAlexander, Francisco _etraductor |
|
| 942 | _cBK | ||
| 998 | _cMARTIN | ||
| 999 |
_c17409 _d17409 |
||